000 nam a22 7a 4500
999 _c10762
_d10762
008 180223b ||||| |||| 00| 0 eng d
100 _aArora,A.
_96608
245 _aInvitation to Computer Science-5
260 _aNew Delhi
_bScholar
_c2012